000 00383pab a2200145 454500
008 180718b2002 xxu||||| |||| 00| 0 eng d
100 _aLucarelli, B.
245 _aThe East Asian financial meltdown
260 _c2002
300 _ap.500-16.
650 _aEconomic recession - East Asia
650 _aEconomic recession
773 _aJournal of Contemporary Asia
909 _a54375
999 _c54375
_d54375